000 01039nam a2200469Ia 4500
001 11916
003 23365
005 20250505121319.0
008 ||||||n9999 ||| || ||
041 _aspa
082 _219
_a938
110 _aPetrie
_919839
245 0 _aIntroduccion al estudio de Grecia
_bhistoria, antiguedades y literatura
260 _aMéxico :
_bFondo de Cultura Económica,
_c1946.
300 _a180p
490 _aBreviarios del Fondo de Cultura Económica
562 _e1
650 _aGRECIA
_91481
650 0 _aLiteratura griega
_91584
942 _cBKM
942 _cBKM
999 _c11916
_d11916
526 _a
526 _a17598
526 _a102617
526 _a102618
526 _a15794
526 _a102619
526 _a1703
526 _a102620
526 _a10406
526 _a105630
526 _a1698
526 _a116204
526 _a51868
526 _a4969
526 _a19790
526 _a104436
526 _a5144
526 _a1697
526 _a3899
526 _a9683